Responses for Show #8434 - Thursday, July 1, 2021

Courtney Shah game 4.
Champion's winnings & consolation amounts matched to Odyssey Atlanta.

Contestants

[<< previous game]

Leanne Zobrist, a law clerk from Boyds , Maryland

Marciano Lopez, a bartender from Philadelphia, Pennsylvania

Courtney Shah, a community college instructor from Portland, Oregon (whose 3-day cash winnings total $58,100)

[next game >>]

Jeopardy! Round responses

NONFICTION
LANDFORMS
14-LETTER WORDS
THE MOVIE IN QUESTION
"C" AS IN CAT
BOSTON: NEWS CLUES
(Sanjay: As presented by the WBZ news team.)
    $200 17
the mosquito

Marciano
    $200 10
a cape

Courtney
    $200 6
multiplication

Leanne
    $200 1
Grape

Leanne
    $200 2
a cheetah

Courtney
    $200 15
(Sanjay: We wanna thank the WBZ news team in Boston for those clues.)

Cheers

Leanne
    $400 25
the semicolon

Triple Stumper
    $400 16
a delta (a fan)

Marciano
    $400 7
an understatement

Courtney
    $400 3
Dance

Courtney
    $400 14
the cougar

Courtney
    $400 9
(Sanjay: How about them apples?)

Good Will Hunting

Marciano
    $600 26
Jonathan Van Ness

Leanne
    $600 23
a blowhole

Triple Stumper
    $600 24
(Courtney: What is surveillance?)
(Marciano: What is countersurveillance?)

reconnaissance

CourtneyMarciano
Triple Stumper
    $600 4
Up

Triple Stumper
    $600 20
calico

Courtney
    $600 11
Brink's

Courtney
    $800 27
Yemen

Triple Stumper
    $800 28
a fjord

Marciano
    $800 29
gentrification

Marciano
    $800 5
O Brother, Where Are Thou?

Leanne
    $800 21
Cornish

Leanne
    $800 12
ALS (amyotrophic lateral sclerosis)

Courtney
    $1,000 18
(Marciano: Who is Adam Smith?)

Edmond Hoyle

Marciano
    $1000 19
a crevasse

Courtney
    $1000 30
irreconcilable

Leanne
    $1000 8
What's Love Got to Do with It

Courtney
    $1000 22
(Leanne: What is a cloud leopard?)
(Marciano: What is a cloudy leopard?)

the clouded leopard

MarcianoLeanne
Triple Stumper
    $1000 13
Profiles in Courage

Leanne

Scores at the first commercial break (after clue 15):

Courtney Marciano Leanne
$4,000 $400 $2,400

Scores at the end of the Jeopardy! Round:

Courtney Marciano Leanne
$5,000 $0 $3,800

Double Jeopardy! Round responses

THE FIRST OF JULY
TRYING ON SOME GENES
THE 3 "R"s
(Sanjay: Each response will be a word with 3 "R"s in it.)
INNOVATIVE WOMEN
THE MASKED MUSICIAN
'TIS SHAKESPEARE
    $400 10
PG-13

Leanne
    $400 3
tumors

Courtney
    $400 1
a narrator

Courtney
    $400 2
a sports bra

Marciano
    $400 9
Kiss

Marciano
    $400 6
Romeo and Juliet

Leanne
    $800 11
"O Canada"

Courtney
    $800 19
recombinant

Triple Stumper
    $800 24
arbitrary

Marciano
    $2,800 4
(Courtney: What is makeup?)

coffee filters

Courtney
    $800 12
(John) Lennon

Courtney
    $800 7
the Globe Theatre

Leanne
    $1200 29
[The end-of-round signal sounds.]

a Walkman

Marciano
    $1200 20
anemia

Triple Stumper
    $1200 25
a raspberry

Marciano
    $1200 5
Bumble

Leanne
    $1200 13
Daft Punk

Courtney
    $1200 8
Henry V

Marciano
    $1600 21
Huntington's

Courtney
    $1600 26
a terrarium

Marciano
    $1600 22
pharmacology

Triple Stumper
    $1600 14
the Phantom of the Opera

Courtney
    $1600 17
Sarah Bernhardt

Triple Stumper
    $2000 28
(Leanne: What is The Lighthouse?)

The Watchtower

CourtneyLeanne
    $2000 27
(Marciano: What's taurine?)

thymine

Marciano
Triple Stumper
    $2000 16
barrier

Courtney
    $2000 23
(Marciano: Who is Sledge?)
...
(Sanjay: We have less than a minute.)

Rosetta (Tharpe)

CourtneyMarciano
    $2000 15
(Marciano: Who is Deadmau?)
[Sanjay corrected the pronunciation to include the "S" sound at the end and the game moved along.]

Deadmau5

Marciano
    $1,000 18
(Courtney: Who is Ophelia?)

Cleopatra

Courtney

Scores at the end of the Double Jeopardy! Round:

Courtney Marciano Leanne
$14,000 $4,800 $4,600
(lock game)

[wagering suggestions for these scores]

Final Jeopardy! Round responses

RIVERS
(Sanjay: 250 of [*]'s roughly 1,000 miles are now in West Virginia.)
LeanneWhat is the Manongahela?
$4,599
MarcianoWhat is the Potomac?
$4,401
CourtneyWhat is the Shenandoah?
$42
the Ohio

Final scores:

Courtney Marciano Leanne
$13,958 $399 $1
4-day champion: $72,058 2nd place: $2,000 3rd place: $1,000

Game dynamics:

Coryat scores:

Courtney Marciano Leanne
$17,800 $5,800 $4,600
20 R,
3 W
(including 2 DDs)
13 R,
5 W
(including 1 DD)
12 R,
2 W

Combined Coryat: $28,200

[game clues] [game scores] [suggest correction]

Game tape date: 2021-03-30
The J! Archive is created by fans, for fans. Scraping, republication, monetization, and malicious use prohibited; this site may use cookies and collect identifying information. See terms. The Jeopardy! game show and all elements thereof, including but not limited to copyright and trademark thereto, are the property of Jeopardy Productions, Inc. and are protected under law. This website is not affiliated with, sponsored by, or operated by Jeopardy Productions, Inc. Join the discussion at JBoard.tv.